Top 100 most valuable football players - Statistics

General Stats
  • This quiz has been taken 9,186 times
    8,085 since last reset
  • The average score is 58 of 112
Answer Stats
Position Country Player Club Value % Correct
1 FW Portugal Cristiano Ronaldo Real Madrid 120 M€
100%
2 FW Argentina Lionel Messi Barcelona 120 M€
100%
5 FW Brazil Neymar Barcelona 80 M€
98%
3 MD Wales Gareth Bale Real Madrid 80 M€
97%
4 FW Uruguay Luis Suarez Barcelona 80 M€
96%
8 FW Poland Robert Lewandowski Bayern Munich 70 M€
91%
6 MD Colombia James Rodriguez Real Madrid 80 M€
88%
11 MD Belgium Kevin De Bruyne Manchester City 60 M€
88%
16 MD Croatia Luka Modric Real Madrid 50 M€
88%
10 FW Argentina Sergio Agüero Manchester City 60 M€
87%
9 MD Belgium Eden Hazard Chelsea 70 M€
86%
13 MD France Paul Pogba Juventus 55 M€
85%
12 FW Chile Alexis Sanchez Arsenal 55 M€
84%
17 MD Germany Toni Kroos Real Madrid 50 M€
84%
7 MD Germany Thomas Müller Bayern Munich 75 M€
83%
15 FW France Karim Benzema Real Madrid 50 M€
82%
19 FW Argentina Angel Di Maria PSG 50 M€
77%
23 GK Germany Manuel Neuer Bayern Munich 45 M€
77%
101 FW Spain Pedro Rodriguez Chelsea 25 M€
75%
31 FW Uruguay Edinson Cavani PSG 42 M€
73%
34 DF Spain Sergio Ramos Real Madrid 40 M€
72%
43 MD Spain Andres Iniesta Barcelona 35 M€
70%
25 DF Austria David Alaba Bayern Munich 45 M€
70%
33 DF Spain Gerard Piqué Barcelona 40 M€
68%
30 MD Chile Arturo Vidal Bayern Munich 42 M€
67%
24 MD Germany Marco Reus Borussia Dortmund 45 M€
67%
40 MD Spain David Silva Manchester City 38 M€
66%
91 DF Brazil Thiago Silva PSG 25 M€
66%
29 FW France Antoine Griezmann Atlético Madrid 45 M€
65%
18 FW Spain Diego Costa Chelsea 50 M€
65%
36 MD Croatia Ivan Rakitic Barcelona 40 M€
65%
21 FW England Raheem Sterling Manchester City 50 M€
65%
37 MD Germany Mesut Özil Arsenal 40 M€
64%
78 DF Switzerland Ricardo Rodriguez Wolfsburg 28 M€
64%
32 FW England Wayne Rooney Manchester United 40 M€
64%
14 MD Spain Cesc Fabregas Chelsea 50 M€
62%
26 MD Spain Sergio Busquets Barcelona 45 M€
62%
51 FW Brazil Douglas Costa Bayern Munich 35 M€
61%
22 FW Argentina Gonzalo Higuain Napoli 47 M€
61%
80 FW Belgium Romelu Lukaku Everton 28 M€
61%
20 MD Spain Koke Atlético Madrid 50 M€
59%
46 DF Germany Mats Hummels Borussia Dortmund 35 M€
58%
48 FW Gabon Pierre-Emerick Aubameyang Borussia Dortmund 35 M€
57%
52 GK Belgium Thibaut Courtois Chelsea 35 M€
57%
70 FW Netherlands Arjen Robben Bayern Munich 28 M€
56%
64 GK Spain David De Gea Manchester United 30 M€
56%
35 DF Germany Jérôme Boateng Bayern Munich 40 M€
56%
42 FW Brazil Hulk Zenit St Petersburg 37 M€
55%
49 DF Spain Jordi Alba Barcelona 35 M€
55%
44 MD Turkey Arda Turan Barcelona 35 M€
54%
59 DF Belgium Vincent Kompany Manchester City 30 M€
54%
107 FW England Harry Kane Tottenham 25 M€
53%
54 MD Spain Juan Mata Manchester United 34 M€
53%
93 DF Brazil Marcelo Real Madrid 25 M€
52%
45 FW Colombia Radamel Falcao Chelsea 35 M€
51%
106 FW Spain Alvaro Morata Juventus 25 M€
49%
39 MD Italy Marco Verratti PSG 40 M€
49%
41 MD Brazil Oscar Chelsea 38 M€
49%
110 DF France Raphaël Varane Real Madrid 25 M€
49%
53 FW Brazil Roberto Firmino Liverpool 35 M€
49%
104 FW South Korea Heung-Min Son Tottenham 25 M€
48%
55 MD Slovakia Marek Hamsik Napoli 32 M€
48%
63 DF Uruguay Diego Godin Atlético Madrid 30 M€
47%
38 MD Serbia Nemanja Matic Chelsea 40 M€
47%
75 MD Wales Aaron Ramsey Arsenal 28 M€
46%
28 MD Spain Isco Real Madrid 45 M€
45%
86 MD Denmark Christian Eriksen Tottenham 27 M€
44%
66 MD Brazil Coutinho Liverpool 30 M€
44%
67 MD Colombia Juan Cuadrado Juventus 30 M€
44%
56 DF Argentina Nicolas Otamendi Manchester City 32 M€
44%
73 MD Spain Javi Martinez Bayern Munich 28 M€
43%
27 MD Germany Mario Götze Bayern Munich 45 M€
43%
111 FW France Anthony Martial Manchester United 25 M€
42%
74 DF Brazil David Luiz PSG 28 M€
42%
50 FW Colombia Jackson Martinez Atlético Madrid 35 M€
42%
60 MD Bosnia Herzegovina Miralem Pjanic AS Roma 30 M€
42%
83 FW Argentina Paulo Dybala Juventus 28 M€
42%
57 FW Argentina Mauro Icardi Inter Milan 32 M€
39%
62 MD Brazil Willian Chelsea 30 M€
39%
68 FW France Alexandre Lacazette Lyon 30 M€
38%
71 MD Brazil Fernandinho Manchester City 28 M€
38%
88 DF Italy Leonardo Bonucci Juventus 26 M€
38%
69 DF Brazil Marquinhos PSG 30 M€
38%
108 DF Spain Daniel Carvajal Real Madrid 25 M€
36%
58 FW Brazil Lucas Moura PSG 32 M€
36%
82 FW Netherlands Memphis Depay Manchester United 28 M€
36%
77 MD England Jordan Henderson Liverpool 28 M€
35%
95 MD Croatia Mateo Kovacic Real Madrid 25 M€
35%
47 FW Belgium Christian Benteke Liverpool 35 M€
34%
72 MD Belgium Axel Witsel Zenit St Petersburg 28 M€
33%
61 MD Italy Claudio Marchisio Juventus 30 M€
30%
89 DF Morocco Medhi Benatia Bayern Munich 26 M€
29%
97 MD Brazil Ramires Chelsea 25 M€
28%
81 MD Spain Ander Herrera Manchester United 28 M€
27%
94 FW England Daniel Sturridge Liverpool 25 M€
27%
87 MD Spain Santi Cazorla Arsenal 26 M€
27%
98 MD Argentina Javier Pastore PSG 25 M€
26%
112 DF England John Stones Everton 25 M€
25%
92 FW England Theo Walcott Arsenal 25 M€
25%
100 MD Spain Thiago Alcantara Bayern Munich 25 M€
23%
85 MD Belgium Radja Nainggolan AS Roma 27 M€
21%
79 DF France Eliaquim Mangala Manchester City 28 M€
20%
96 MD Germany Ilkay Gündogan Borussia Dortmund 25 M€
20%
103 FW Côte d'Ivoire Wilfried Bony Manchester City 25 M€
20%
105 FW Colombia Carlos Bacca AC Milan 25 M€
19%
102 MD England Jack Wilshere Arsenal 25 M€
19%
76 MD France Morgan Schneiderlin Manchester United 28 M€
17%
109 DF Brazil Danilo Real Madrid 25 M€
15%
90 MD Portugal William Carvalho Sporting 26 M€
14%
65 MD Argentina Nicolas Gaitan Benfica 30 M€
12%
99 MD Argentina Enzo Perez Valencia 25 M€
7%
84 MD Italy Antonio Candreva Lazio Roma 27 M€
5%
No matching quizzes found
Score Distribution
Percent of People with Each Score
Percentile by Number Answered
Your Score History
You have not taken this quiz since the last reset